LEADER 00979nam a2200193 i 4500 001 000000234461 003 CaOOAMICUS 005 20141015000000.0 008 141015s1784 it u000 u ger u 013 $a213364 040 $aSeMil$bita 245 10$a2. Band. Vom Ende der fünften Verfolgung im Jahre 211 bis zum Tode des Kaisers Konstantinus im Jahre 337. 300 $a527, [15] p. 773 0 $aBérault Bercastel, Antoine Henri : de <1722-1794>$tGeschichte der Kirche ... aus dem Französischen des Herrn Abbts de Berault-Bercastel, Domherrn an der Kirche zu Noyon. 1. Band [-24. Band].$dWien : gedruckt bey Mathias Andreas Schmidt, 1784-1791.$g2$w()30708 850 $aSeMil 852 $aSeMil$W1$xVenegono$y1$m3A II 38 FA$j184807$B184807$CSeMilBibl$Z2$F195776 $8I 941 1 $a10 961 $aRecupero: Mantegazza 996 $6245$a2. Band. Vom Ende der fünften Verfolgung im Jahre 211 bis zum Tode des Kaisers Konstantinus im Jahre 337$9(OLS)http://semarc/title/334608 LEADER 00825nam a2200205 i 4500 001 000000120925 003 CaOOAMICUS 005 20031202000000.0 008 031202s1838 it u000 u fre u 013 $a93619 040 $aSeMil$bita 100 1 $aMontesquieu, Charles de Secondat,$c.$0(OLS)http://semarc/name/3038 245 10$aTome deuxième. 300 $a559 p. 773 0 $aMontesquieu, Charles de Secondat $tOuvres de Montesquieu.$dParis : Pourrat Frères, [183?]$w()10624 773 0 $aMontesquieu, Charles de Secondat $tL'esprit des lois.$g2$w()10625 850 $aSeMil 852 $aSeMil$W1$xVenegono$y1$m660 46 2 *$j76053$B76053$CSeMilBibl$Z2$F77541 $81 961 $aRecupero: Deposito 996 $6245$aTome deuxième$9(OLS)http://semarc/title/14440